000 00299nam a2200121Ia 4500
008 240624s9999 xx 000 0 und d
041 _aeng
082 _a658.45 SET
100 _aSETHI ANJANEE
245 _aBUSINESS COMMUNICATION
260 _c2011
_aNew Delhi
_bTata McGraw - Hill
365 _cRS
_b33
999 _c25947
_d25947